La nulidad en el proceso penal /
Fundamentos constitucionales. Interpretación del principio de legalidad. Límite de las nulidades en el proceso penal. Nulidades genéricas y específicas. Nulidades virtuales o implícitas. Nulidades absolutas y relativas
Guardado en:
| Autor Principal: | |
|---|---|
| Formato: | Libro |
| Idioma: | Spanish |
| Publicado: |
Corrientes :
Mave,
1999.
|
| Edición: | 2a. ed. |
| Materias: | |
| Etiquetas: |
Agregar Etiqueta
Sin Etiquetas, Sea el primero en etiquetar este registro!
|
| LEADER | 00691nam a22001695a 4500 | ||
|---|---|---|---|
| 001 | DER.der013852 | ||
| 008 | 190611s1999####ag#||||||||||||||#||spa|| | ||
| 005 | 20250618122214.0 | ||
| 245 | 1 | 0 | |a La nulidad en el proceso penal / |c Nelson R. Pessoa. |
| 250 | |a 2a. ed. | ||
| 260 | |a Corrientes : |b Mave, |c 1999. | ||
| 300 | |a 172 p. | ||
| 520 | |a Fundamentos constitucionales. Interpretación del principio de legalidad. Límite de las nulidades en el proceso penal. Nulidades genéricas y específicas. Nulidades virtuales o implícitas. Nulidades absolutas y relativas | ||
| 020 | |a 9879367065 | ||
| 100 | 1 | |a Pessoa, Nelson R. | |
| 650 | 7 | |a DERECHO PROCESAL PENAL | |
| 859 | |a DERECHO |b BIB. DERECHO |h 345.05 |i PES |p 008938 | ||
